000 00601nam a22002297a 4500
003 UA-OsUOA
001 100625
007 ta
008 20130529b un ||||| |||| 00| 0 ukr d
100 _aХаритон
090 _a821.14'02
_bХ20
942 _cBK
040 _aUA-OsUOA
_brus
_cUA-OsUOA
_dUA-OsUOA
245 _aПовесть о любви Херея и Каллирои
300 _a199 с.
955 _a3
041 _arus
080 _a821.14'02
260 _aМ.
_c1959
650 7 _a82 Література. Літературознавство
_2UDC
999 _c386772
_d386772